Word Ladder: 'Shining' Proverb Quiz Stats

 Plays Quiz Updated Nov 12, 2014

Challenge
Share
Tweet
Embed
Score 0/49 Timer 05:00
0 Plays Today
Hint 4-Letter Word % Correct
✦ Corridor ✦✦HALL✦
97.2%
Stop abruptlyHALT
96.9%
Hourglass contentsSAND
96.2%
E-mail commandSEND
95.9%
DifficultHARD
95.9%
Winter's precipitationSNOW
95.6%
Low speedSLOW
95.4%
ApplaudCLAP
95.2%
✦ Understand ✦✦KNOW✦
94.8%
✦ Forearm's tip ✦✦HAND✦
94.7%
Door handleKNOB
94.6%
Birthday treatCAKE
94.5%
✦ Create ✦✦MAKE✦
94%
Spine's locationBACK
94%
Gambling machineSLOT
93.9%
Apple centerCORE
93.4%
StorylinePLOT
93.3%
Earth for sculptingCLAY
92.9%
TobogganSLED
92.6%
Hoof's soundCLOP
92.6%
Pretentious personSNOB
92.4%
✦ Engage in fun ✦✦PLAY✦
92.2%
Attend toCARE
91.5%
Chicken's abodeCOOP
91.2%
Slovenly personSLOB
91.1%
Hint 4-Letter Word % Correct
Killed a dragonSLEW
90.8%
Public grasslandPARK
89.9%
Big businessCORP
89.8%
Tidbit for a birdSEED
89.6%
Scheme or rusePLOY
89.5%
Pig's giftPORK
88.8%
✦ Chore or job ✦✦WORK✦
87.8%
Sentence building blockWORD
86.7%
✦ Jill's beau ✦✦JACK✦
86.7%
Hay bundleBALE
86.4%
SectionWARD
85.2%
Purse-sized tear gasMACE
84.1%
Listen carefullyHARK
83.3%
Chip's buddyDALE
83.3%
English stagHART
82.3%
Stop shortBALK
81.3%
✦ Unexciting ✦✦DULL✦
80.7%
OverflowingFULL
79.6%
Cover with earthBURY
78.9%
RageFURY
76.9%
Michael of 'The Shield'JACE
76.5%
Hill, of 'The West Wing'DULÉ
74.3%
Roll up, like a flagFURL
74.2%
✦ Sea marker ✦✦BUOY✦
73.5%

Today's Daily Dose

You're not logged in!

Compare scores with friends on all Sporcle quizzes.
OR
Log In

You Might Also Like...

Show Comments

Extras

Top Quizzes Today


Score Distribution

Your Account Isn't Verified!

In order to create a playlist on Sporcle, you need to verify the email address you used during registration. Go to your Sporcle Settings to finish the process.

Report this User

Report this user for behavior that violates our Community Guidelines.

Details: